| 000 | 00736 a2200169 4500 | ||
|---|---|---|---|
| 003 | Nust | ||
| 005 | 20230530103048.0 | ||
| 040 | _cNust | ||
| 082 | _a005.133,ALB | ||
| 100 |
_aAlbrechte,Bob _9112858 |
||
| 245 |
_aGW-Basic Made Easy / _cBob Albrechte and Dan Inman |
||
| 260 |
_aUsa _bMicrosoft |
||
| 300 | _a416p | ||
| 505 | _aGetting Started (Page-1), Do It Now (Page-19), Introduction To Programming (Page-43), Number Crunching (Page-69), Making Programs More Useful (Page-113), Control Structures (Page-145), Function Junction (Page-191), Sub Routines (Page-229), Arrays (Page-261), Sequential Files (Page-303), Random Access Files (Page-337), Graphics (Page-371). | ||
| 650 |
_aGW Basic _9112859 |
||
| 942 |
_2ddc _cBK _k005.133,ALB |
||
| 999 |
_c176722 _d176722 |
||